1039 1055 1054 1871 1019 1817 1816 1326 1912 1516 1125 1486 1739 1894 1164 1573 1803 1061 1278 1370 1068 1355 1874 1219 1879 1698 1641 1377 1703 1601 1525 1071 1802 1184 1064 1377 1742 1016 1413 1400 1973 1295 1283 1994 1943 1854 1767 1796 1058 1648 1534 1255 1758 1891 1509 1462 1390 1094 1429 1658 1681 1839 1437 1016 1614 1617 1690 1424 1144 1619 1607 1133 1839 1669 1315 1640 1839 1445 1113 1770 1126 1876 1259 1264 1615 1056 1965 1218 1418 1071 1213 1729 1190 1326 1635 1030 1483 1577 1205 BCNSPRNW ULIB Ver.6.0+V

เปลี่ยนเป็นภาษาไทย

Change to English
 แสดงรายละเอียดบรรณานุกรม
  กลับหน้าหลัก

Brief Record : Get Marc (ISO 2709) : E-mail record : QR code < ปิดหน้าต่าง
LEADER : 00000nam 2200000uu 4500
001    13399128977
003     ULIB
008    241204s2567||||th 000 0 tha d
020 ^  ^a9786166087420
060 0  ^aWB50.JT3^bอ112ก
100 0  ^aอัชฌา วารีย์.
245 1  ^aการพยาบาลกับการประยุกต์ใช้ศาสตร์การแพทย์แผนไทย =^bKnowledge application of nursing care with Thai Traditional Medicine /^cอัชฌา วารีย์.
246 3  ^aKnowledge application of nursing care with Thai Traditional Medicine
250 ^  ^aพิมพ์ครั้งที่ 1.
260 ^  ^aเชียงใหม่ :^bคณะพยาบาลศาสตร์แมคคอร์มิค มหาวิทยาลัยพายัพ, ^c2567.
300 ^  ^aช, 316 หน้า :^bตาราง ;^c26 ซม
505 ^  ^a ^tบทที่ 1 ระบบสุขภาพด้วยการแทพย์ทางเลือกและศาสตร์การแพทย์แผนไทย -- บทที่ 2 ศาสตร์การแพทย์แผนไทย -- บทที่ 3 พยาบาลประยุกต์ศาสตร์การแพทย์แผนไทยในการดูแลสุขภาพแบบองค์รวม -- บทที่ 4 พยาบาลประยุกต์ใช้ศาสตร์การแพทย์แผนไทยในการสร้างเสริมสุขภาพ -- บทที่ 5 พยาบาลประยุกต์ใช้ศาสตร์การแพทย์แผนไทยในการป้องกัน ดูแลและรักษากลุ่มโรคเรื้อรัง -- บทที่ 6 พยาบาลประยุกต์ใช้ศาสตร์การแพทย์แผนไทยในกลุ่มโรคเป้าหมายระดับทุติยภูมิ -- บทที่ 7 พยาบาลประยุกต์ใช้ศาสตร์การแพทย์แผนไทยในกลุ่มผู้ป่วยระยะยาวกลุ่มผู้ป่วยมะเร็ง กลุ่มผู้ป่วยติดเตียง และกลุ่มหญิงมีครรภ์ -- บทที่ 8 พยาบาลประยุกต์ใช้ศาสตร์การแพทย์แผนไทยในการใช้ยาสมุนไพร -- บทที่ 9 พยาบาลกับการประยุกต์ใช้ศาสตร์การแพทย์แผนไทยในโรคติดเชื้อ -- บทที่ 10 ตัวอย่างงานวิจัยเกี่ยวกับพยาบาลประยุกต์ใช้การแพทย์แผนไทยดูแลผู้สูงอายุภาวะความดันโลหิตสูง.
520 ^  ^aการพยาบาลในปัจจุบันมีความเชื่อมโยงการดูแลทั้งด้านร่างกาย จิตวิญญาณ และครอบครัว ชุมชน รวมถึงสิ่งแวดล้อม และให้ความสำคัญกับการดูแลสุขภาพที่มีประชาชนเป็นศูนย์กลางในการดูแลสุขภาพแบบพึ่งพาตตนเอง ผสมผสานกับวิธีการดูแลสุขภาพของคนไทย ที่สอดคล้องกับวัฒนธรรมประเพณีไทย มีการใช้สมุนไพรทั้งในรูปแบบอาหารและยา การอบ การประคบ การนวด เพื่อปรับสมดุลธาตุในร่างกาย ให้กลับสู่สภาวะปกติสุข.
650 0  ^aการพยาบาล.
650 0  ^aการแพทย์ทางเลือก.
650 0  ^aการแพทย์แผนโบราณ ^zไทย.
945    ^p295^l0^i011206
945    ^p295^l0^i011207
945    ^p295^l0^i011351
945    ^p295^l0^i011352
945    ^p295^l0^i011353
945    ^p295^l0^i011354
999    ^aประนอม เกษจรัล
รายการนี้ยังไม่มีแท็ก
คุณยังไม่ได้ล็อกอิน คุณสามารถมีกิจกรรมร่วมกับเว็บไซต์ได้ แต่ต้องล็อกอินก่อน ::
  ล็อกอิน

รายการสื่อสารสนเทศ

ลำดับที่ ประเภท เลขเรียก/บาร์โค้ด สถานที่ สถานะ
1. วิทยาศาสตร์การแพทย์ และสุขภาพ
หนังสือสำรอง
สถานะ=หนังสือสำรอง
WB50.JT3 อ112ก ฉ.1 
  Barcode: 011206
ห้องสมุดวิทยาเขตสวรรค์ประชารักษ์
►หนังสือทั่วไป
บนชั้น
2. วิทยาศาสตร์การแพทย์ และสุขภาพ
วิทยาศาสตร์การแพทย์ และสุขภาพ
WB50.JT3 อ112ก ฉ.2 
  Barcode: 011207
ห้องสมุดวิทยาเขตสวรรค์ประชารักษ์
►หนังสือทั่วไป
บนชั้น
3. วิทยาศาสตร์การแพทย์ และสุขภาพ
วิทยาศาสตร์การแพทย์ และสุขภาพ
WB50.JT3 อ112ก ฉ.3 
  Barcode: 011351
ห้องสมุดวิทยาเขตสวรรค์ประชารักษ์
►หนังสือทั่วไป
บนชั้น
4. วิทยาศาสตร์การแพทย์ และสุขภาพ
วิทยาศาสตร์การแพทย์ และสุขภาพ
WB50.JT3 อ112ก ฉ.4 
  Barcode: 011352
ห้องสมุดวิทยาเขตสวรรค์ประชารักษ์
►หนังสือทั่วไป
บนชั้น
5. วิทยาศาสตร์การแพทย์ และสุขภาพ
วิทยาศาสตร์การแพทย์ และสุขภาพ
WB50.JT3 อ112ก ฉ.5 
  Barcode: 011353
ห้องสมุดวิทยาเขตสวรรค์ประชารักษ์
►หนังสือทั่วไป
บนชั้น
6. วิทยาศาสตร์การแพทย์ และสุขภาพ
วิทยาศาสตร์การแพทย์ และสุขภาพ
WB50.JT3 อ112ก ฉ.6 
  Barcode: 011354
ห้องสมุดวิทยาเขตสวรรค์ประชารักษ์
►หนังสือทั่วไป
บนชั้น

รายการใกล้เคียง
    ผู้แต่ง [อัชฌา วารีย์.]

    หัวเรื่อง [การพยาบาล.]
    หัวเรื่อง [การแพทย์ทางเลือก.]

BibComment


ยังไม่เคยถูกคอมเมนท์

คอมเมนท์ทรัพยากรรายการนี้
  คอมเมนท์: การพยาบาลกับการป..


 Copyright 2026. Bcnsprnw @Library